01272nam0a22002651 4500001001100000005001700011021001900028035002600047100004100073101000800114102000700122105001800129200031100147210005800458215002700516300010800543320004900651606005900700700007200759701006000831701005600891801001800947801002200965852001900987rc\379319920250530055600.0 aRUb[75-44405] a(NLR Aleph) 007258036 a20120311d1975 |||y0rusy50 ca0 arus aRU aa z |||||1 aТеория механизмовeУчеб. пособие для студентов вечер. и заоч. обученияfПод общ. ред. Ю.С. ВолюшкоgМ-во высш. и сред. спец. образования РСФСР. Иван. энерг. ин-т им. В.И. Ленина aИвановоc[Иван. энерг. ин-т]d1975 a208 с.cчерт.d20 aПеред загл. авт.: Р.В. Бесчастнов, Ю.С. Волюшко, В.И. Панюхин aСписок лит.: с. 205 (10 назв.) aМеханизмы и машины, теория2psbo 16z01790aБесчастновbР.В.gРимм Васильевич 1aВолюшкоbЮ.С.gЮрий Степанович 1aПанюхинbВ.И.gВадим Иванович 0aRUbNLRgpsbo 1aRUbELAR2rusmarc aNLRj75-3/3356